Trasa linii autobusowej 18; katowice, mysłowice, sosnowiec, dąbrowa g. - Statystyki

Ogólne statystyki
  • Ten quiz został rozwiązany 91 razy
  • Średni wynik to 14 z 39
Statystyki odpowiedzi
Hint Odpowiedź % Poprawnych
Dąbrowa Górnicza Dąbrowa Górnicza Centrum
59%
Dąbrowa Górnicza Tworzeń Huta Katowice
57%
Katowice Zawodzie Centrum Przesiadkowe
57%
Dąbrowa Górnicza Dąbrowa Górnicza Aleja Róż
55%
Sosnowiec Zagórze Mec
54%
Sosnowiec Zagórze Osiedle
54%
Dąbrowa Górnicza Reden
52%
Sosnowiec Zagórze Centrum
52%
Sosnowiec Niwka Kościół
48%
Mysłowice Mysłowice Kościół
46%
Sosnowiec Dańdówka Skrzyżowanie
42%
Sosnowiec Niwka Fabryka
41%
Sosnowiec Zagórze Pekin
41%
Dąbrowa Górnicza Gołonóg Osiedle
39%
Sosnowiec Zagórze Piękna
39%
Dąbrowa Górnicza Dąbrowa Górnicza Górnicza
38%
Sosnowiec Zagórze Droga do Klimontowa
38%
Dąbrowa Górnicza Gołonóg Manhattan
36%
Sosnowiec Modrzejów Rynek
36%
Mysłowice Mysłowice Kopalnia
35%
Sosnowiec Niwka Pawiak
35%
Sosnowiec Zagórze Expo Silesia
35%
Mysłowice Mysłowice Bończyka
33%
Dąbrowa Górnicza Gołonóg Zajezdnia
32%
Sosnowiec Dańdówka KSSE
30%
Sosnowiec Dańdówka Osiedle
28%
Katowice Kolonia Stawiska
28%
Katowice Wilhelmina Skrzyżowanie
28%
Dąbrowa Górnicza Gołonóg Damel
26%
Dąbrowa Górnicza Gołonóg Dworzec PKP
26%
Katowice Wilhelmina Zespół Szkół
26%
Sosnowiec Niwka Cmentarz Komunalny
25%
Sosnowiec Dańdówka Jedności Szkoła
22%
Sosnowiec Niwka Baza
22%
Katowice Wilhelmina Krakowska
22%
Sosnowiec Niwka Watta
20%
Dąbrowa Górnicza Tworzeń Dworzec PKP
19%
Dąbrowa Górnicza Gołonóg Hotele
14%
Sosnowiec Niwka Kolonia Staszic
14%
Nie znaleziono quizów pasujących do podanych kryteriów
Rozkład punktacji
Procent ludzi z każdym wynikiem
Percentyl według liczby udzielonych odpowiedzi
Twoja historia wyników
Nie rozwiązałeś tego quizu